000 00669nam a2200193Ia 4500
001 3456
003 GE_BSU
008 181216s||||||||xx |||||||||||||| ||und||
040 _cGE_BSU
080 _a54(03)
245 _aКраткая химическая энциклопедия.Энциклопедии,словари,справочники.Т-5.Т-Я.
245 _cРед. кол. И.Л.Крунянц(отв. ред.) и др.
260 _aМ.
260 _bСоветская энциклопедия.
260 _c1967.
300 _a1184 стр. с илл. 27см.
653 _aКраткая химическая энциклопедия.
942 _cBK
999 _c37494
_d37494